| 000 | 00472nam a2200181Ia 4500 | ||
|---|---|---|---|
| 001 | 21249 | ||
| 005 | 20260306172905.0 | ||
| 008 | 260306t2016||||xx |||||||||||||| ||spa|| | ||
| 041 | _aESP | ||
| 082 |
_a344.5 _bA151 |
||
| 100 |
_aAmbos, Kai _eAUT |
||
| 245 | 0 | _aEl delito de atentados contra monumentos arqueológicos en el código penal peruano | |
| 260 | _c2016 | ||
| 300 |
_a156 páginas : _c22 cm. |
||
| 650 | _aGEN | ||
| 654 | _aCDE | ||
| 942 |
_cLIB _dJUS _fJUS _2ddc _n |
||
| 999 |
_c21249 _d21249 |
||